Theodora - GO! ft. Luidji (Paroles) - Statistiques

Statistiques générales
  • Ce quiz a été pris 71 fois
  • Le résultat moyen est 187 sur 327
Statistiques - réponses
Paroles % Correct
je
95%
Je
95%
à
93%
a
93%
le
93%
moi
93%
Moi
93%
go
91%
si
91%
Si
91%
dis
86%
R
86%
Bisous
84%
bisous
84%
donne
84%
la
84%
84%
me
84%
sur
84%
ma
82%
mon
80%
Que
80%
que
80%
y
80%
Zou-bi
77%
au
75%
de
75%
faire
75%
p'tit
75%
du
73%
Et
73%
et
73%
les
73%
Mes
73%
mes
73%
Un
73%
un
73%
bijoux
70%
indigo
70%
roro
70%
se
70%
en
68%
joue
66%
Rio
61%
veux
61%
coup
59%
ou
59%
Ou
59%
vacances
59%
d'l'oseille
57%
Ibiz
57%
plus
57%
vie
57%
Boss
55%
couleur
55%
d'où
55%
Lady
55%
pour
55%
Pour
55%
gros
52%
Mais
52%
mais
52%
Tu
52%
une
52%
ventre
52%
viens
52%
enfin
50%
j'veux
50%
J'veux
50%
quand
50%
ressert
50%
sa
50%
d'écoles
48%
dix
48%
Donc
48%
enfants
48%
J'ai
48%
j'ai
48%
main
48%
moins
48%
petites
48%
rendez-vous
48%
j'arrive
45%
jours
45%
kichta
45%
pas
45%
poser
45%
retard
45%
Rien
45%
rien
45%
zou-bisous
45%
aura
43%
Theodora
43%
bord
41%
d'églises
41%
m'installe
41%
t'auras
41%
baby
39%
ce
39%
che-bou
39%
colles
39%
copies
39%
des
39%
Des
39%
flair
39%
jamais
39%
l'hôtesse
39%
qu'tu
39%
voles
39%
bague
36%
Bahia
36%
ça
36%
fatiguée
36%
j'suis
36%
l'bijou
36%
Ocho
36%
palace
36%
comme
34%
orphelins
34%
pierre
34%
qu'on
34%
t'étudies
34%
glock
32%
j'dois
32%
quoi
32%
dans
30%
gens
30%
l'appart
30%
on
30%
vais
30%
chercher
27%
être
27%
j'attends
27%
j'vois
27%
maintenant
27%
m'le
27%
sans
27%
cru
25%
deux
25%
doux
25%
glauques
25%
gringos
25%
michto
25%
yeux
25%
j'lui
23%
safe
23%
soir
23%
trop
23%
bigos
20%
goût
20%
j'avais
20%
Kingston
20%
puces
20%
qu'mon
20%
redonne
20%
S'il
20%
s'il
20%
clan
18%
gloves
18%
remette
18%
Rios
18%
sauver
18%
tombe
18%
Bamako
16%
bingo
16%
colore
16%
DMs
16%
dingo
14%
j'ouvre
14%
même
14%
mots
14%
papa
14%
trouve
14%
call
11%
chanter
11%
crié
11%
durs
11%
futebol
11%
banan
9%
Mmh
9%
mmh
9%
mwen
9%
entendre
7%
griots
7%
béké
5%
gogogle
5%
griyo
5%
peze
5%
potoguis
5%
Aucun quiz correspondant
Distribution des résultats
% des personnes avec chaque résultat
Percentile par nombre de réponses
Votre historique - résultats
Vous n’avez pas pris ce quiz